LIBRARY & INFORMATION CENTRE, KCAET, TAVANUR

ONLINE PUBLIC ACCESS CATALOGUE (OPAC)

Morphology of angiosperms / (Record no. 9072)

MARC details
000 -LEADER
fixed length control field 00447cam a2200169ua 4500
041 ## - LANGUAGE CODE
Language code of text/sound track or separate title eng
082 ## - DEWEY DECIMAL CLASSIFICATION NUMBER
Classification number 582.13
Item number COU/MO
100 ## - MAIN ENTRY--AUTHOR NAME
Personal name Coulter, John Merle .
245 ## - TITLE STATEMENT
Title Morphology of angiosperms /
250 ## - EDITION STATEMENT
Edition statement 1 /
260 ## - PUBLICATION, DISTRIBUTION, ETC. (IMPRINT)
Place of publication Allahabad :
Name of publisher Central Book Depot ,
Year of publication 1965.
300 ## - PHYSICAL DESCRIPTION
Number of Pages 348 ; .
700 1# - ADDED ENTRY--PERSONAL NAME
Personal name Chamberlain, Charles Joseph .
942 ## - ADDED ENTRY ELEMENTS (KOHA)
Koha item type Books
Holdings
Withdrawn status Lost status Damaged status Home library Current library Date acquired Full call number Accession Number Koha item type
      KAUAET KAUAET 07/04/2012 582.13 COU/MO 9872 Books
free website counter